| 000 | 00469nam a2200169Ia 4500 | ||
|---|---|---|---|
| 003 | GCL | ||
| 008 | 140319s9999 xx 000 0 eng d | ||
| 040 |
_aGCL / _cGCL |
||
| 082 | 0 | 4 |
_a973.38 _bF A |
| 100 | 1 | _aFRANTZICH, STEPHENE | |
| 245 | 1 | 0 |
_aAMERICAN GOVERNMENT: THE POLITICAL GAME / _cFRANTZICH, STEPHENE |
| 700 | 1 | _aPERCY,STEPHEN L | |
| 260 |
_a[S.N] : _bBROWN AND BENCHMANK PUBBISERS ، _c1994 |
||
| 300 | _a639 | ||
| 650 | 0 | 4 | _aUNITED STATES |
| 942 |
_2ddc _cBK |
||
| 999 |
_c13920 _d13920 |
||